Assam's language question: a symposium (Record no. 480913)

000 -LEADER
fixed length control field 00364cam a22001217a 4500
008 - FIXED-LENGTH DATA ELEMENTS--GENERAL INFORMATION
fixed length control field 180718b1961 xxu||||| |||| 00| 0 eng d
082 ## - DEWEY DECIMAL CLASSIFICATION NUMBER
Classification number P4121x5411 N35
245 ## - TITLE STATEMENT
Title Assam's language question: a symposium
Statement of responsibility, etc. edited by Maheswar Neog
260 ## - PUBLICATION, DISTRIBUTION, ETC.
Place of publication, distribution, etc. Jorhat
Name of publisher, distributor, etc. Assam Sahitya Sabha
Date of publication, distribution, etc. 1961
300 ## - PHYSICAL DESCRIPTION
Extent 61p.
650 ## - SUBJECT ADDED ENTRY--TOPICAL TERM
Topical term or geographic name entry element Languages - India - Assam
700 ## - ADDED ENTRY--PERSONAL NAME
Personal name Neog, Maheswar
Holdings
Withdrawn status Lost status Damaged status Not for loan Permanent Location Current Location Date acquired Full call number Barcode Date last seen Price effective from Koha item type
        Indian Institute of Public Administration Indian Institute of Public Administration 2018-08-04 P4121x5411 N35 GR7440 2018-08-04 2018-08-04 GR

Powered by Koha